Ivor the engine the elephant / (Record no. 4813)
[ view plain ]
| 000 -LEADER | |
|---|---|
| fixed length control field | 01170nam a22002777a 4500 |
| 001 - CONTROL NUMBER | |
| control field | 4813 |
| 003 - CONTROL NUMBER IDENTIFIER | |
| control field | FISKH |
| 005 - DATE AND TIME OF LATEST TRANSACTION | |
| control field | 20241016095931.0 |
| 008 - FIXED-LENGTH DATA ELEMENTS--GENERAL INFORMATION | |
| fixed length control field | 241016b cb ||||| |||| 00| 0 eng d |
| 020 ## - INTERNATIONAL STANDARD BOOK NUMBER | |
| International Standard Book Number | 9780006615019 |
| 040 ## - CATALOGING SOURCE | |
| Original cataloging agency | FISKH |
| Language of cataloging | eng |
| Transcribing agency | FISKH |
| Modifying agency | FISKH |
| 082 ## - DEWEY DECIMAL CLASSIFICATION NUMBER | |
| Classification number | 823.914 |
| 100 ## - MAIN ENTRY--PERSONAL NAME | |
| Personal name | Postgate, Oliver |
| Dates associated with a name | (1925–2008) |
| 245 ## - TITLE STATEMENT | |
| Title | Ivor the engine the elephant / |
| Statement of responsibility, etc. | Story by Oliver Postgate Pictures by Peter Firmin |
| 250 ## - EDITION STATEMENT | |
| Edition statement | First published in 1979 |
| 260 ## - PUBLICATION, DISTRIBUTION, ETC. | |
| Place of publication, distribution, etc. | London : |
| Name of publisher, distributor, etc. | Collins, |
| Date of publication, distribution, etc. | 1979. |
| 300 ## - PHYSICAL DESCRIPTION | |
| Extent | 23 pages : |
| Other physical details | Color illustrations ; |
| Dimensions | 22 cm |
| 505 ## - FORMATTED CONTENTS NOTE | |
| Formatted contents note | G<br/> |
| 520 ## - SUMMARY, ETC. | |
| Summary, etc. | A circus elephant with Charlie Banger's Circus. She is normally placid, but does not like taking medicine or being bathed by anyone except her owner, Bani Moukerjee. When Ivor met her, she had escaped and was asleep on the track with an injured foot. Since then they have become friends. She and her elephant friends were able to help Ivor when he got stuck in the snow. |
| 521 8# - TARGET AUDIENCE NOTE | |
| Target audience note | 420L<br/> |
| Source | Lexile<br/> |
| 521 8# - TARGET AUDIENCE NOTE | |
| Target audience note | G<br/> |
| Source | Raz-Plus<br/> |
| 650 ## - SUBJECT ADDED ENTRY--TOPICAL TERM | |
| Source of heading or term | Fiction |
| Topical term or geographic name entry element | Children's |
| 650 ## - SUBJECT ADDED ENTRY--TOPICAL TERM | |
| Source of heading or term | Junior picture book |
| Topical term or geographic name entry element | Read |
| 700 ## - ADDED ENTRY--PERSONAL NAME | |
| Personal name | Firmin, Peter |
| Dates associated with a name | Illustrator |
| 942 ## - ADDED ENTRY ELEMENTS (KOHA) | |
| Source of classification or shelving scheme | Dewey Decimal Classification |
| Koha item type | Books |
| Suppress in OPAC | No |
| Withdrawn status | Lost status | Source of classification or shelving scheme | Damaged status | Not for loan | Collection | Home library | Current library | Shelving location | Date acquired | Total Checkouts | Full call number | Barcode | Date last seen | Copy number | Price effective from | Koha item type |
|---|---|---|---|---|---|---|---|---|---|---|---|---|---|---|---|---|
| Dewey Decimal Classification | Fiction | Footprints International School Library Network Toul Kork Campus | Footprints International School Library Network Toul Kork Campus | TK Primary Library Room(4th Floor), Bookcase 1&2, Shelves 1-16, Dark Blue Books | 10/16/2024 | POS 823.914 | 2024-2147 | 10/16/2024 | 1 | 10/16/2024 | Books |
